Custodians of place governing the growth and development of cities /

Bibliographic Details
Main Author: Lewis, Paul George, 1966-
Corporate Author: ProQuest (Firm)
Other Authors: Neiman, Max.
Format: Electronic eBook
Language:English
Published: Washington, D.C. : Georgetown University Press, c2009.
Series:American governance and public policy.
Subjects:
Online Access:Click to View
LEADER 01739nam a2200445 a 4500
001 EBC449334
003 MiAaPQ
005 20200520144314.0
006 m o d |
007 cr cn|||||||||
008 080703s2009 dcua sb 001 0 eng
010 |z  2008029500 
015 |a GBA934443  |2 bnb 
016 7 |z 015104583  |2 Uk 
020 |z 9781589012561 (pbk. : alk. paper) 
020 |z 1589012569 (pbk. : alk. paper) 
035 |a (MiAaPQ)EBC449334 
035 |a (Au-PeEL)EBL449334 
035 |a (CaPaEBR)ebr10313999 
035 |a (OCoLC)638859199 
040 |a MiAaPQ  |c MiAaPQ  |d MiAaPQ 
043 |a n-us-ca 
050 4 |a HT384.U52  |b C256 2009 
082 0 4 |a 307.76/09794  |2 22 
100 1 |a Lewis, Paul George,  |d 1966- 
245 1 0 |a Custodians of place  |h [electronic resource] :  |b governing the growth and development of cities /  |c Paul G. Lewis and Max Neiman. 
260 |a Washington, D.C. :  |b Georgetown University Press,  |c c2009. 
300 |a xviii, 247 p. :  |b ill. 
490 1 |a American governance and public policy series 
504 |a Includes bibliographical references (p. 227-239) and index. 
533 |a Electronic reproduction. Ann Arbor, MI : ProQuest, 2015. Available via World Wide Web. Access may be limited to ProQuest affiliated libraries. 
650 0 |a Urbanization  |x Government policy  |z California. 
650 0 |a Housing development  |x Government policy  |z California. 
650 0 |a Cities and towns  |z California  |x Growth. 
650 0 |a Urban policy  |z California. 
655 4 |a Electronic books. 
700 1 |a Neiman, Max. 
710 2 |a ProQuest (Firm) 
830 0 |a American governance and public policy. 
856 4 0 |u https://ebookcentral.proquest.com/lib/matrademy/detail.action?docID=449334  |z Click to View